Statystyki dla Quiz o samochodach #2

Kliknij tutaj aby rozwiązać quiz!

Ogólne statystyki

  • Ten quiz został rozwiązany 22 razy
  • Średni wynik to 4 z 16

Statystyki odpowiedzi

Odpowiedź% Poprawnych
opel astra
100%
fso polonez
58%
bugatti chiron
42%
bmw m8
33%
dacia logan
33%
fiat doblo
33%
mazda 6
33%
mercedes vito
33%
kia optima
17%
ferrari enzo
8%
chrisler pt crouser
0%
dodge journey
0%
dodge magnum
0%
jeep kompas
0%
lamborgini terzo
0%
volkswagen areon
0%

Rozkład punktacji

Percentyl według liczby udzielonych odpowiedzi

Procent ludzi z każdym wynikiem

Twoja historia wyników

Nie rozwiązałeś tego quizu